00735nam a22001097a 4500008004100000100005400041245004900095260002800144300003000172520039500202773002800597230905b ||||| |||| 00| 0 eng d aMishra, Shaliesh Kumar and Tiwari, Dheeraj Kumar  aSweet revolution a boom in honey production  aYojana (Special issue)  a67(8), Aug, 2023: p.59-62 aSweet revolution is an initiative of the government of India, which is aimed at promoting apiculture, popularly known as ‘beekeeping’, for accelerating th4e production of quality honey and other related products. Beekeeping is a low-investment and highly-skilled enterprise model, in which technology application has emerged as a great enabler for socio-economic growth. – Reproduced  aYojana (Special issue)